Школа самообладания путем сознательного (преднамеренного самовнушения) (Запись № 1155176)

Подробности
000 -МАРКЕР
контрольное поле 01673nam0a2200373 4500
001 - ИДЕНТИФИКАТОР ЗАПИСИ
контрольное поле RU\NLR\bibl\1110113
005 - ИДЕНТИФИКАТОР ВЕРСИИ
контрольное поле 20260405141027.0
010 ## - МЕЖДУНАРОДНЫЙ СТАНДАРТНЫЙ НОМЕР КНИГИ (ISBN)
Номер (ISBN) 978-5-382-00088-6
021 ## - НОМЕР ГОСУДАРСТВЕННОЙ РЕГИСТРАЦИИ
Код страны Российская Федерация
Номер 2007-38273
Номер Листа государственной регистраци 2046
035 ## - ДРУГИЕ СИСТЕМНЫЕ НОМЕРА
Идентификатор записи (NLR Aleph) 001097161
100 ## - ДАННЫЕ ОБЩЕЙ ОБРАБОТКИ
Данные общей обработки 20070716d2007 |||y0rusy50 ca
101 1# - ЯЗЫК РЕСУРСА
Язык текста, звукозаписи и т.д. русский
Язык оригинала французский
102 ## - СТРАНА ПУБЛИКАЦИИ ИЛИ ПРОИЗВОДСТВА
Страна публикации Российская Федерация
105 ## - ПОЛЕ КОДИРОВАННЫХ ДАННЫХ: ТЕКСТОВЫЕ МАТЕРИАЛЫ, МОНОГРАФИЧЕСКИЕ
Кодированные данные о монографическом текстовом документе y |||||||||
200 1# - ЗАГЛАВИЕ И СВЕДЕНИЯ ОБ ОТВЕТСТВЕННОСТИ
Основное заглавие Школа самообладания путем сознательного (преднамеренного самовнушения)
Параллельное заглавие La Maîtrise de soi-même par l'autosuggestion consciente
Первые сведения об ответственности Э. Куэ
Последующие сведения об ответственности пер. с фр. А. Семичова
-- под ред. и с предисл. проф. И.Д. Ермакова
Язык параллельного заглавия французский
205 ## - СВЕДЕНИЯ ОБ ИЗДАНИИ
Сведения об издании Изд. 2-е
210 ## - ПУБЛИКАЦИЯ, РАСПРОСТРАНЕНИЕ И ДР.
Место издания, распространения и т.д. Москва
Имя издателя, распространителя и т. д. URSS
-- Изд-во ЛКИ
Дата издания, распространения и т.д. 2007
215 ## - ФИЗИЧЕСКАЯ ХАРАКТЕРИСТИКА
Специфическое обозначение материала и объем 71,[3] с.
Размеры 22
225 1# - СЕРИЯ
Основное заглавие серии Из наследия мировой психологии
300 ## - ОБЩИЕ ПРИМЕЧАНИЯ
Текст примечания Авт. также на фр. яз.: Émile Coué
300 ## - ОБЩИЕ ПРИМЕЧАНИЯ
Текст примечания На 4-й с. обл. авт.: Эмиль Куэ, психотерапевт, аптекарь
320 ## - ПРИМЕЧАНИЯ О НАЛИЧИИ В ДОКУМЕНТЕ БИБЛИОГРАФИИ / УКАЗАТЕЛЯ
Текст примечания Библиогр. в подстроч. прим.
510 0# - ПАРАЛЛЕЛЬНОЕ ЗАГЛАВИЕ
Связь между полями z77790
Параллельное заглавие La Maîtrise de soi-même par l'autosuggestion consciente
Язык заглавия французский
606 1# - НАИМЕНОВАНИЕ ТЕМЫ КАК ПРЕДМЕТ
Наименование темы Самовнушение
Системный номер авторитетной/нормативной записи 1323803
Идентификатор авторитетной/нормативной записи RU\NLR\auth\66234577
686 ## - ИНДЕКСЫ ДРУГИХ КЛАССИФИКАЦИЙ
Индекс Ю962
686 ## - ИНДЕКСЫ ДРУГИХ КЛАССИФИКАЦИЙ
Индекс Р357.192
700 #1 - ИМЯ ЛИЦА - ПЕРВИЧНАЯ ОТВЕТСТВЕННОСТЬ
Код отношения Автор
Материалы, к которым относится поле rus
Графика поля Кириллица
Начальный элемент ввода Куэ
Часть имени, кроме начального элемента ввода Э.
Даты 1857-1926
Расширение инициалов личного имени Эмиль
Идентификатор авторитетной/нормативной записи RU\NLR\auth\7757168
Системный номер авторитетной/нормативной записи 40100
790 #1 - ИМЯ ЛИЦА - АЛЬТЕРНАТИВНАЯ ФОРМА
Код отношения Автор
Материалы, к которым относится поле fre
Графика поля Латинская
Начальный элемент ввода Coué
Часть имени, кроме начального элемента ввода É.
Даты 1857-1926
Расширение инициалов личного имени Émile
Идентификатор авторитетной/нормативной записи RU\NLR\auth\7757170
Системный номер авторитетной/нормативной записи 40102
801 #0 - ИСТОЧНИК ЗАПИСИ
Страна Российская Федерация
Организация NLR
Дата составления 20070716
Правила каталогизации RCR
801 #1 - ИСТОЧНИК ЗАПИСИ
Страна Российская Федерация
Организация NLR
Дата составления 20070716
942 ## - ДОПОЛНИТЕЛЬНЫЕ ЭЛЕМЕНТЫ ЗАПИСИ (АБИС)
Тип экземпляра АБИС Книга
980 ## - КОЛЛЕКЦИЯ
Название коллекции Национальная библиография
Экземпляры
Тип экземпляра Дата поступления Источник поступления Библиотека постоянного хранения Библиотека текущего хранения Место хранения Шифр хранения Штрих-код Статус экземпляра
Книга 16.07.2007 Обязательный экземпляр РНБ (Московский) РНБ (Московский) Русский книжный фонд: издания с 1957 года 2007-6/996 1-2349740  
Книга 16.07.2007 Обязательный экземпляр РНБ (Московский) РНБ (Московский) Русский книжный фонд: издания с 1957 года 2007-6/996 1-1101804